00485 2200193 4500001002100000005001500021008004100036020001800077035001900095041000700114082000800121090001400129100001500143245004600158250001000204260002900214300003100243650001700274INLIS00000000002633220241224132127241224||||||||| | ||| |||| || |  a979-794-405-0 0010-1224026332 aid0 a813 a813 FOL f0 aArdini,dkk00a#Followers: Serpihan Rasa di Social Media aCet.1 aJakartabMediakitac2013 aiv, 233 hlm.; ilus.: 19 cm 0aSocial media